00655nam a2200193 a 45000010005000000030009000050080041000140400028000550820019000831000030001022450031001322600035001633000010001984900034002086500025002429420012002679990017002799520165002966270CO-ViMGA141112s2004 ck r 000 u spa d aCO-ViMGAbspacCO-ViMGA04a823.914 C417cu1 aChase, James Hadley9495410aLos culpables tienen miedo aBuenos Aires : bEmece, c1991 a265 p aGrandes maestros del suspenso14aNOVELA INGLESA94955 2ddccBK c18242d18242 01102ddc41708003aMEVIECARbMEVIECARd2015-12-04hVolumen. 1 | 11/jun/2009l2o823.914 C417cu p6270r2022-06-21 00:00:00s2022-05-23tEj. 1w2015-12-04yBK